Southville International School and Colleges
Your cart is empty.
  • Cart
  • Lists
    Public lists Eva Luna New books Lux_list list_1
    Your lists Log in to create your own lists
  • Log in to your account
  • Your cookies
  • Search history
Southville International School and Colleges
  • Advanced search
  • Recent comments
  • Most popular
  • Libraries

Log in to your account

Log in with GOOGLE


If you do not have an external account, but do have a local account, you can still log in:

  1. Home
  2. MARC view: Curriculum development :
Normal view MARC view ISBD view

Curriculum development : (Record no. 39067)

[ view plain ]
MARC details
000 -LEADER
fixed length control field 01003cam a2200313 a 4500
001 - CONTROL NUMBER
control field 1124435
003 - CONTROL NUMBER IDENTIFIER
control field OSt
005 - DATE AND TIME OF LATEST TRANSACTION
control field 20140311162956.0
008 - FIXED-LENGTH DATA ELEMENTS--GENERAL INFORMATION
fixed length control field 940512s1995 nyua b 001 0 eng
010 ## - LIBRARY OF CONGRESS CONTROL NUMBER
LC control number 94018285
020 ## - INTERNATIONAL STANDARD BOOK NUMBER
International Standard Book Number 0024189316
040 ## - CATALOGING SOURCE
Original cataloging agency DLC
Transcribing agency DLC
Modifying agency DLC
043 ## - GEOGRAPHIC AREA CODE
Geographic area code n-us---
050 00 - LIBRARY OF CONGRESS CALL NUMBER
Classification number LB 1570
Item number .T23 1995
100 1# - MAIN ENTRY--PERSONAL NAME
Personal name Tanner, Daniel.
245 10 - TITLE STATEMENT
Title Curriculum development :
Remainder of title theory into practice /
Statement of responsibility, etc Daniel Tanner, Laurel Tanner.
250 ## - EDITION STATEMENT
Edition statement 3rd ed.
260 ## - PUBLICATION, DISTRIBUTION, ETC. (IMPRINT)
Place of publication, distribution, etc Englewood Cliffs, N.J. :
Name of publisher, distributor, etc Merrill,
Date of publication, distribution, etc c1995.
300 ## - PHYSICAL DESCRIPTION
Extent 746 p. :
Other physical details ill. ;
Dimensions 25 cm.
504 ## - BIBLIOGRAPHY, ETC. NOTE
Bibliography, etc Includes bibliographical references and indexes.
521 ## - TARGET AUDIENCE NOTE
Target audience note
650 #0 - SUBJECT ADDED ENTRY--TOPICAL TERM
Topical term or geographic name as entry element Education
General subdivision Curricula
Geographic subdivision United States
General subdivision History.
650 #0 - SUBJECT ADDED ENTRY--TOPICAL TERM
Topical term or geographic name as entry element Curriculum planning
Geographic subdivision United States.
700 1# - ADDED ENTRY--PERSONAL NAME
Personal name Tanner, Laurel N.
906 ## - LOCAL DATA ELEMENT F, LDF (RLIN)
a 7
b cbc
c orignew
d 1
e ocip
f 19
g y-gencatlg
942 ## - ADDED ENTRY ELEMENTS (KOHA)
Source of classification or shelving scheme Library of Congress Classification
Koha item type Books
Call number prefix Foreign
Holdings
Withdrawn status Lost status Source of classification or shelving scheme Damaged status Home library Current library Shelving location Date acquired Total Checkouts Total Renewals Full call number Barcode Date last seen Date checked out Copy number Price effective from Koha item type
    Library of Congress Classification   College Library College Library General Circulation Section 05/17/2000 2 18 LB 1570 .T23 1995 C3228 05/15/2018 01/19/2017 1 11/14/2013 Books

Curriculum development :

APA

Tanner D., Tanner L. N., . (1995). Curriculum development. Englewood Cliffs, N.J: Merrill.

Chicago

Tanner Daniel, Tanner Laurel N, . 1995. Curriculum development. Englewood Cliffs, N.J: Merrill.

Harvard

Tanner D., Tanner L. N., . (1995). Curriculum development. Englewood Cliffs, N.J: Merrill.

MLA

Tanner Daniel, Tanner Laurel N, . Curriculum development. Englewood Cliffs, N.J: Merrill. 1995.

  • Place hold
  • Print
  • Cite
  • Add to your cart (remove)
  • Save record
    BIBTEX Dublin Core MARCXML MARC (non-Unicode/MARC-8) MARC (Unicode/UTF-8) MARC (Unicode/UTF-8, Standard) MODS (XML) RIS
  • More searches
    Search for this title in:
    Other Libraries (WorldCat) Other Databases (Google Scholar) Online Stores (Bookfinder.com) Open Library (openlibrary.org)

Exporting to Dublin Core...

SOUTHVILLE LIBRARY

Southville International School and Colleges Library

1281 Tropical Ave. Cor. Luxembourg St., BF Homes International, Las Pinas City

Tel. No. 8256374 / 252358 Loc. 117/146

Powered by Koha